000
00268nam a2200121Ia 4500
005
20250603145441.0
008
250603s9999 xx 000 0 und d
050
_a
KP 42 .N5/
100
_a
Nigerian Weekly Law Report
245
0
_a
NWLR
260
_c
1994
942
_c
BK
999
_c
41897
_d
41897